AFL Adelaide Crows Player Numbers - Statistics

General Stats
  • This quiz has been taken 20 times
  • The average score is 16 of 42
Answer Stats
Hint Answer % Correct
Taylor Walker 13
75%
Riley Thilthorpe 7
75%
Luke Pedlar 10
67%
Ben Keays 2
67%
Josh Worrell 24
67%
Wayne Milera 30
67%
Josh Rachele 8
67%
Chayce Jones 1
58%
Jordan Dawson 12
58%
Jake Soligo 14
58%
Callum Ah Chee 4
58%
Izak Rankine 23
50%
Sam Berry 3
50%
Nick Murray 9
50%
Brayden Cook 15
42%
James Peatling 25
42%
Alex Neal-Bullen 28
42%
Rory Laird 29
42%
Darcy Fogarty 32
42%
Daniel Curtin 6
42%
Zac Taylor 19
33%
Mitchell Hinge 20
33%
Hugh Bond 21
33%
Reilly O'Brien 43
33%
Mark Keane 48
33%
Sid Draper 5
33%
Charlie Edwards 11
25%
Max Michalanney 16
25%
Luke Nankervis 27
25%
Jordan Butts 41
25%
Lachlan McAndrew 42
25%
Isaac Cumming 44
25%
Tyler Welsh 17
17%
Billy Dowling 31
17%
Finnbar Maley 36
17%
Lachlan Scholl 38
17%
Toby Murray 39
17%
Oscar Ryan 22
8%
Indy Cotton 33
8%
Archie Ludowyke 34
8%
Mitchell Marsh 26
0%
James Borlase 35
0%
No matching quizzes found
Score Distribution
Percent of People with Each Score
Percentile by Number Answered
Your Score History
You have not taken this quiz